书目信息 |
| 题名: |
马列著作毛泽东著作选读
|
|
| 作者: | ;中共中央党校 编 | |
| 分册: | 哲学部分 | |
| 出版信息: | 北京 人民出版社 1978 |
|
| 页数: | 520页 | |
| 开本: | 20cm | |
| 丛书名: | ||
| 单 册: | ||
| 中图分类: | A5 | |
| 科图分类: | ||
| 主题词: | 马列著作--汇编 | |
| 电子资源: | ||
| ISBN: | ||
| 000 | 00692nam0 2200241 45 | |
| 001 | 0178002495 | |
| 005 | 20060721110143.48 | |
| 010 | @dCNY1.10 | |
| 091 | @a1001.1155 | |
| 100 | @a19950714d1978 em y0chiy0121 ea | |
| 101 | 0 | @achi |
| 102 | @aCN@b110000 | |
| 105 | @ay z 000yy | |
| 200 | 10 | @a马列著作毛泽东著作选读@Ama lie zhu zuo mao ze dong zhu zuo xuan du@i哲学部分@f中共中央党校编@FZhong Gong Zhong Yang Dang Xiao Bian |
| 210 | @a北京@c人民出版社@d1978 | |
| 215 | @a520页@d20cm | |
| 300 | @a内部发行 | |
| 517 | @a哲学部分@AZhe Xue Bu Fen | |
| 606 | @a马列著作@x汇编 | |
| 690 | @aA5@v3 | |
| 711 | 02 | @a中共中央党校@4编 |
| 801 | 0 | @aCN@bNLC@c20060721 |
| 905 | @dA5@e1:2@f1@b3350 | |
| 马列著作毛泽东著作选读.哲学部分/中共中央党校编.-北京:人民出版社,1978 |
| 520页;20cm |
| 内部发行 |
| ISBN :CNY1.10 |
| ● |
| 相关链接 |
|
|
|
|
正题名:马列著作毛泽东著作选读
索取号:A5/1:2
 
预约/预借
| 序号 | 登录号 | 条形码 | 馆藏地/架位号 | 状态 | 备注 |
| 1 | 0003350 | 002046832 | 第一样本阅览室/ [索取号:A5/1:2] | 在馆 | |
| 2 | 0003351 | 000953258 | 第一借阅区/ [索取号:A5/1:2] | 在馆 | |
| 3 | 0425238 | 204252389 | 密集书库/ [索取号:A5/1:2] | 在馆 | |
| 4 | 0425241 | 204252414 | 密集书库/ [索取号:A5/1:2] | 在馆 | |
| 5 | 0425354 | 204253547 | 密集书库/ [索取号:A5/1:2] | 在馆 |